| 000 | 00998cam a2200313 a 4500 | ||
|---|---|---|---|
| 001 | 14455968 | ||
| 003 | PILC | ||
| 005 | 20150905092830.0 | ||
| 008 | 060717s2005 pau 000 1 eng | ||
| 010 | _a 2006278102 | ||
| 040 |
_aDLC _cDLC _dDLC |
||
| 050 | 0 | 0 |
_aPS 648.E7 _b.K18 1988 |
| 100 | _aKarageorge, Penelope. | ||
| 245 | 0 | 0 |
_aStolen moments / _cPenelope Karageorge. |
| 260 |
_aNY : _bPinnacle Books, _c1988. |
||
| 300 |
_a511 pages ; _c22 cm. |
||
| 490 | 0 |
_aErotic interludes ; _v2 |
|
| 500 | _aMostly American authors, some English, Canadian, Australian authors. | ||
| 650 | 0 | _aErotic stories, American. | |
| 650 | 0 | _aLesbians' writings, American. | |
| 650 | 0 | _aErotic stories. | |
| 650 | 0 |
_aLesbians _vFiction. |
|
| 650 | 0 | _aLesbian erotica. | |
| 700 | 1 | _aSeaman, Stacia. | |
| 700 | 0 |
_aRadclyffe, _d1950- |
|
| 906 |
_a7 _bcbc _corignew _d2 _encip _f20 _gy-gencatlg |
||
| 942 |
_2lcc _cBK _kFOR |
||
| 999 |
_c284713 _d284713 |
||